Airmail to the moon /

When the tooth that she was saving for the tooth fairy disappears, Ora Mae sets out to find the thief and send him "airmail to the moon!"

Bibliographic Details
Main Author: Birdseye, Tom
Other Authors: Gammell, Stephen (Illustrator)
Format: Book
Language:English
Published: New York : Holiday House, [1988]
Edition:1st ed.
Subjects:

MARC

Tag First Indicator Second Indicator Subfields
LEADER 00000cam a22000008a 4500
001 in00000020870
005 20151007055515.0
008 870727s1988 nyua j 00011 eng
010 |a  87021199  
020 |a 0823406830 
035 |a (OCoLC)16405759 
035 |9 AAB8439AM 
040 |a DLC  |c DLC  |d TXA  |d UtOrBLW 
049 |a [Curr Col] TXAM  |c [A11032033] 
050 0 0 |a PZ7.B5213  |b Ai 1988 
082 0 |a [E]  |2 19 
100 1 |a Birdseye, Tom. 
245 1 0 |a Airmail to the moon /  |c by Tom Birdseye ; illustrated by Stephen Gammell. 
250 |a 1st ed. 
264 1 |a New York :  |b Holiday House,  |c [1988] 
264 4 |c ©1988 
300 |a 32 unnumbered pages :  |b color illustrations 
336 |a text  |b txt  |2 rdacontent 
337 |a unmediated  |b n  |2 rdamedia 
338 |a volume  |b nc  |2 rdacarrier 
520 |a When the tooth that she was saving for the tooth fairy disappears, Ora Mae sets out to find the thief and send him "airmail to the moon!" 
650 1 |a Teeth  |x Fiction. 
650 1 |a Tooth fairy  |x Fiction. 
700 1 |a Gammell, Stephen,  |e illustrator. 
999 |a MARS 
999 f f |s 76b6bd8b-fb5c-3c79-aa04-8048cbfd1a4d  |i b3807aac-4263-34b3-97e3-a2e4b4cdf3aa  |t 0 
952 f f |p normal  |a Texas A&M University  |b College Station  |c Sterling C. Evans Library  |d Evans: Curriculum Collection (4th floor)  |t 0  |e PZ7.B5213 Ai 1988  |h Library of Congress classification  |i unmediated -- volume  |m A14811032033 
998 f f |a PZ7.B5213 Ai 1988  |t 0  |l Evans: Curriculum Collection (4th floor)